| 000 | 00749nam a2200229Ia 4500 | ||
|---|---|---|---|
| 003 | OSt | ||
| 005 | 20220927105742.0 | ||
| 006 | a|||||r|||| 00| 0 | ||
| 007 | ta | ||
| 008 | 220926b |||||||| |||| 00| 0 eng d | ||
| 024 | _a203225 | ||
| 037 | _cReference Collections | ||
| 040 |
_aRTL _cRTL _beng |
||
| 041 |
_2eng _aeng |
||
| 082 | _a"X:77.4.P12<-P08, Q2/UN" | ||
| 100 |
_aUNITED NATION DEVELOPMENT PROGRAME _9374741 |
||
| 245 | 0 |
_aLeveraging change for better lives _b UNDP in Asia and the Pacific (2008-2012) |
|
| 260 |
_aNew _b"York, UNDP, " _c2012 |
||
| 300 |
_a64p. _ccm. |
||
| 942 |
_h"X:77.4.P12<-P08, Q2/UN" _cCC |
||
| 999 |
_c694400 _d694400 |
||